000 00199 a2200097 4500
001 11410
100 _aNutting, A.
245 _aDisarmament
260 _a
_bOxford University
_c
090 _c8952
_d8952
942 _aNUST-CAE
_c
_c35769
999 _c246483
_d246483